Épisodes de Tintin par extrait de 5 secondes #6 - Statistiques

Statistiques générales
  • Ce quiz a été pris 46 fois
  • Le résultat moyen est 15 sur 21
Statistiques - réponses
Hint Réponse % Correct
Le Temple du Soleil
97%
Objectif Lune
97%
Le Lotus bleu
93%
Les Bijoux de la Castafiore
93%
Vol 714 pour Sydney
90%
Le Crabe aux pinces d'or
80%
Le Trésor de Rackham le Rouge
80%
Tintin et les Picaros
80%
L'Affaire Tournesol
77%
Les Sept Boules de cristal
77%
On a marché sur la Lune
77%
L'Étoile mystérieuse
73%
L'Île Noire
73%
Tintin au pays de l'or noir
70%
Tintin au Tibet
60%
Tintin en Amérique
60%
Le Sceptre d'Ottokar
50%
Les Cigares du pharaon
43%
Le Secret de La Licorne
40%
L'Oreille cassée
33%
Coke en stock
30%
Aucun quiz correspondant
Distribution des résultats
% des personnes avec chaque résultat
Percentile par nombre de réponses
Votre historique - résultats
Vous n’avez pas pris ce quiz